| 000 | 00910nam a22003017a 4500 | ||
|---|---|---|---|
| 003 | CHAP | ||
| 005 | 20230616112735.0 | ||
| 008 | 971013c19801975 r 00010 d | ||
| 010 | _a19683 | ||
| 011 | _a20655 | ||
| 035 | _a24743 | ||
| 040 | _cCHAP | ||
| 082 |
_a641.1 _bD52 1975 |
||
| 245 | _aDictionary of nutrition and food technology | ||
| 250 | _a4 ed. | ||
| 260 |
_aLondon : _bButterworths, _c1980 (c.1975) |
||
| 300 | _a250 p. | ||
| 590 |
_aBATCH-UPD _b10 _c20130110 _lUCH01 _h1555 |
||
| 590 |
_aBATCH-UPD _b10 _c20130410 _lUCH01 _h0952 |
||
| 590 |
_aBATCH-UPD _b10 _c20130914 _lUCH01 _h0125 |
||
| 590 |
_aCONVERSION _b10 _c20130109 _lUCH01 _h1312 |
||
| 650 | 1 | 4 |
_aAlimentos _xTecnologia _xDiccionarios. _94287 |
| 650 | 1 | 4 |
_aNutrición _xDiccionarios. _982252 |
| 700 | 1 |
_aBender, Arnold E. _911538 |
|
| 901 | _aBK | ||
| 942 | _cLIBRO | ||
| 949 |
_a641.1 D52 1975 _bBC _cC _d33724000645933 _eC _h58653 _i24743 _si |
||
| 999 |
_c19683 _d19683 |
||